[Event "NAYCC U08"]
[Site "Windsor CAN"]
[Date "2016.08.09"]
[Round "5.167"]
[White "Nath, Nitish"]
[Black "Ning, Eric"]
[Result "0-1"]
[WhiteElo "1422"]
[BlackElo "1508"]
[PlyCount "78"]
[EventDate "2016.08.07"]
[EventType "swiss"]
[EventRounds "9"]
[EventCountry "CAN"]

1. e4 c5 2. Nf3 Nc6 3. d4 cxd4 4. Nxd4 Nf6 5. Nc3 e5 6. Ndb5 d6 7. a4 a6 8. Na3
Be6 9. Be2 Be7 10. O-O O-O 11. Be3 Qd7 12. Qd2 Ne8 13. Nc4 Rb8 14. Nb6 Qd8 15.
Nbd5 f5 16. exf5 Bxf5 17. Bc4 Kh8 18. a5 Bf6 19. Nxf6 Nxf6 20. Bb6 Qd7 21. Rad1
Ne8 22. Rfe1 Rf6 23. g3 Nb4 24. Rc1 Bh3 25. Ne4 Nc6 26. Nxf6 Nxf6 27. Bf1 Bf5
28. Bg2 d5 29. Rcd1 e4 30. Rc1 Ne5 31. Qf4 Re8 32. Red1 h6 33. Qe3 Bg4 34. Re1
Nf3+ 35. Bxf3 Bxf3 36. Bd4 Qh3 37. Qxh6+ gxh6 38. Bxf6+ Kh7 39. Rxe4 Qg2# 0-1

[Event "NAYCC U08"]
[Site "Windsor CAN"]
[Date "2016.08.09"]
[Round "5.168"]
[White "Ripley, Sam"]
[Black "Huang, Brian"]
[Result "0-1"]
[WhiteElo "829"]
[BlackElo "1783"]
[PlyCount "106"]
[EventDate "2016.08.07"]
[EventType "swiss"]
[EventRounds "9"]
[EventCountry "CAN"]

1. e4 c5 2. Nf3 d6 3. d4 cxd4 4. Nxd4 Nf6 5. Nc3 g6 6. Be3 Bg7 7. Bb5+ Bd7 8.
Bxd7+ Nbxd7 9. Qd2 Ng4 10. O-O-O Nxe3 11. Qxe3 h5 12. Qe2 Qb6 13. Nb3 a5 14.
Nd5 Qc6 15. Rhe1 Rc8 16. c3 Nc5 17. Nxc5 Qxc5 18. Qe3 Bh6 19. f4 Qxe3+ 20. Rxe3
e6 21. Rf3 exd5 22. Rxd5 O-O 23. Rxa5 Rfe8 24. Ra4 b5 25. Rd4 Rc4 26. Rxd6
Rcxe4 27. Rb6 Bxf4+ 28. Kc2 Re2+ 29. Kb3 Bc1 30. Rxb5 Rxb2+ 31. Kc4 Rc8+ 32.
Rc5 Rxc5+ 33. Kxc5 Rxa2 34. c4 Rxg2 35. Rc3 Bb2 36. Rd3 Rxh2 37. Kd6 Rc2 38. c5
Bc1 39. c6 g5 40. Kd7 Bf4 41. Rd4 h4 42. Rxf4 gxf4 43. c7 f3 44. c8=Q+ Rxc8 45.
Kxc8 f2 46. Kd7 f1=Q 47. Kd6 Qe2 48. Kd5 h3 49. Kd4 h2 50. Kc3 h1=R 51. Kb3 Rc1
52. Kb4 Qb2+ 53. Ka4 Ra1# 0-1

[Event "NAYCC U08"]
[Site "Windsor CAN"]
[Date "2016.08.09"]
[Round "5.169"]
[White "Venkataraja, Lingaadyakssh"]
[Black "Nakada, Johji"]
[Result "0-1"]
[WhiteElo "909"]
[BlackElo "1424"]
[PlyCount "90"]
[EventDate "2016.08.07"]
[EventType "swiss"]
[EventRounds "9"]
[EventCountry "CAN"]

1. e4 c5 2. Nf3 e6 3. Bc4 d5 4. exd5 exd5 5. Be2 Nf6 6. O-O Be7 7. d4 O-O 8.
dxc5 Bxc5 9. Re1 Nc6 10. c4 Be6 11. cxd5 Nxd5 12. Nc3 Nxc3 13. bxc3 Qb6 14. Rf1
Rad8 15. Qc2 Rc8 16. Ng5 g6 17. Rb1 Qc7 18. Nxe6 fxe6 19. Be3 Bd6 20. f3 Bxh2+
21. Kh1 Ne7 22. Bxa7 Nf5 23. Bb6 Qe5 24. Qe4 Ng3+ 25. Kxh2 Nxe4+ 26. Kh1 Ng3+
27. Kg1 Qxe2 28. Rf2 Qd3 29. Bd4 Qxb1+ 30. Kh2 Nf1+ 31. Kh1 Rf4 32. g4 Rc4 33.
a4 Rfxd4 34. cxd4 Rc1 35. Kg2 Ne3+ 36. Kh2 Rh1+ 37. Kg3 Qg1+ 38. Kf4 Nd5+ 39.
Ke5 Qe1+ 40. Kd6 Qb4+ 41. Kxe6 Qxd4 42. Re2 Nf4+ 43. Ke7 Nxe2 44. a5 Re1 45. a6
Nf4# 0-1

[Event "NAYCC U08"]
[Site "Windsor CAN"]
[Date "2016.08.09"]
[Round "5.170"]
[White "Locham, Divjot"]
[Black "Krishnakumar, Sriram"]
[Result "0-1"]
[WhiteElo "799"]
[BlackElo "1302"]
[PlyCount "116"]
[EventDate "2016.08.07"]
[EventType "swiss"]
[EventRounds "9"]
[EventCountry "CAN"]

1. e4 e5 2. Nf3 Nc6 3. Nc3 Nf6 4. Be2 Bb4 5. Bd3 O-O 6. O-O d6 7. h3 Be6 8. Re1
Re8 9. Bf1 d5 10. exd5 Bxd5 11. a3 Bxc3 12. dxc3 Bxf3 13. Qxf3 e4 14. Qg3 Ne5
15. Bg5 Ng6 16. h4 h6 17. Bxf6 Qxf6 18. h5 Nf4 19. Re3 Qg5 20. Rae1 Qxg3 21.
fxg3 Nxh5 22. Rxe4 Rxe4 23. Rxe4 Nxg3 24. Rg4 Nxf1 25. Kxf1 Rd8 26. Ke2 f5 27.
Rf4 g6 28. g4 fxg4 29. Rxg4 Kg7 30. Re4 Kf6 31. Kf3 Rd2 32. Rf4+ Kg7 33. Re4
Rxc2 34. Re7+ Kf6 35. Rxc7 Rxb2 36. a4 a5 37. c4 Rb4 38. c5 Rxa4 39. Rxb7 Rc4
40. Rb6+ Kg5 41. c6 a4 42. Ra6 a3 43. c7 Rxc7 44. Rxa3 h5 45. Ra5+ Kh6 46. Kg3
Rc3+ 47. Kh2 h4 48. Ra8 g5 49. Ra6+ Kh5 50. Ra8 Rc2+ 51. Kh1 h3 52. Rh8+ Kg4
53. Rg8 Kh4 54. Rh8+ Kg3 55. Rxh3+ Kxh3 56. Kg1 g4 57. Kf1 g3 58. Kg1 Rc1# 0-1

[Event "NAYCC U08"]
[Site "Windsor CAN"]
[Date "2016.08.09"]
[Round "5.173"]
[White "Chang, Alexander RZ"]
[Black "Zhang, William"]
[Result "1-0"]
[WhiteElo "1192"]
[BlackElo "608"]
[PlyCount "65"]
[EventDate "2016.08.07"]
[EventType "swiss"]
[EventRounds "9"]
[EventCountry "CAN"]

1. e4 e5 2. Nf3 Nc6 3. Bc4 Nf6 4. d3 Bc5 5. O-O O-O 6. a3 d6 7. b4 Bd4 8. c3
Bb6 9. Re1 Be6 10. Bxe6 fxe6 11. Be3 h6 12. Bxb6 axb6 13. Qb3 Re8 14. Nbd2 d5
15. exd5 exd5 16. Ne4 Rb8 17. Nxf6+ gxf6 18. Rad1 Rc8 19. c4 Nd4 20. Nxd4 exd4
21. cxd5 Rxe1+ 22. Rxe1 Kh8 23. g3 Qd7 24. Re4 Qh3 25. Rh4 Qf5 26. Rxd4 Re8 27.
Qd1 Qe5 28. Re4 Qc3 29. Rxe8+ Kh7 30. Qe1 f5 31. Qxc3 f4 32. Qf6 fxg3 33. Rh8#
1-0

[Event "NAYCC U08"]
[Site "Windsor CAN"]
[Date "2016.08.10"]
[Round "6.164"]
[White "Mishra, Abhimanyu"]
[Black "Sloan, Jed"]
[Result "0-1"]
[WhiteElo "1924"]
[BlackElo "1553"]
[PlyCount "112"]
[EventDate "2016.08.07"]
[EventType "swiss"]
[EventRounds "9"]
[EventCountry "CAN"]

1. e4 e5 2. Nf3 Nc6 3. Bc4 Bc5 4. c3 Nf6 5. d3 d6 6. Bb3 O-O 7. O-O Be6 8. Bg5
h6 9. Bh4 g5 10. Bg3 a5 11. Bxe6 fxe6 12. d4 exd4 13. cxd4 Bb6 14. d5 exd5 15.
exd5 Ne7 16. Nc3 Qe8 17. Qd2 Qf7 18. Rad1 Nh5 19. Rde1 Nxg3 20. hxg3 Nf5 21.
Ne4 Rae8 22. g4 Rxe4 23. Rxe4 Ng3 24. Re6 Nxf1 25. Kxf1 Qh7 26. Nxg5 Qb1+ 27.
Re1 Qxa2 28. Nh3 Bc5 29. Qc2 Bb4 30. Re7 Qa1+ 31. Ke2 Qe1+ 32. Kd3 Qxe7 33. Kc4
Qg7 34. f3 c6 35. dxc6 bxc6 36. Kb3 Qf7+ 37. Qc4 Qxc4+ 38. Kxc4 d5+ 39. Kb3 Rd8
40. Ka2 d4 41. g5 d3 42. gxh6 d2 43. Nf2 d1=Q 44. Nxd1 Rxd1 45. h7+ Kxh7 46. g4
Rf1 47. g5 Rxf3 48. g6+ Kxg6 49. b3 Rf2+ 50. Kb1 Kf5 51. Kc1 Ke4 52. Kb1 Kd3
53. Ka1 Kc3 54. Kb1 Ba3 55. Ka1 Kxb3 56. Kb1 Rf1# 0-1

[Event "NAYCC U08"]
[Site "Windsor CAN"]
[Date "2016.08.10"]
[Round "6.165"]
[White "Zhang, Andrew"]
[Black "Ning, Eric"]
[Result "0-1"]
[WhiteElo "1524"]
[BlackElo "1508"]
[PlyCount "114"]
[EventDate "2016.08.07"]
[EventType "swiss"]
[EventRounds "9"]
[EventCountry "CAN"]

1. e4 c5 2. Nf3 Nc6 3. Bb5 g6 4. O-O Bg7 5. Bxc6 bxc6 6. c3 e5 7. d3 d6 8. Be3
Ne7 9. Nbd2 O-O 10. h3 Rb8 11. Qc2 f5 12. Nb3 f4 13. Bd2 Bf6 14. Rfe1 Be6 15.
c4 Qd7 16. Kf1 g5 17. Nh2 Rfc8 18. Ke2 Ng6 19. f3 h5 20. Kd1 g4 21. hxg4 hxg4
22. Rg1 Kf7 23. Kc1 Rh8 24. Nf1 gxf3 25. gxf3 Rh3 26. Be1 Rg8 27. Qe2 Qe8 28.
Kc2 Bh4 29. Bxh4 Nxh4 30. Rxg8 Qxg8 31. Nbd2 Qg5 32. Rb1 Qh5 33. Nh2 Nf5 34.
exf5 Bxf5 35. Ndf1 d5 36. b3 e4 37. dxe4 Bxe4+ 38. Kb2 Qh8+ 39. Kc1 Qc3+ 40.
Kd1 Bxb1 41. Ng4 Rh1 42. Ne5+ Kf6 43. Nd7+ Kf5 44. cxd5 Qd3+ 45. Qxd3+ Bxd3 46.
dxc6 Bxf1 47. Kd2 Bb5 48. Nxc5 Bxc6 49. Ke2 Rh3 50. Ne4 Bxe4 51. fxe4+ Kxe4 52.
Kd2 f3 53. Ke1 Ke3 54. Kd1 f2 55. Kc2 f1=Q 56. Kc3 Rh4 57. a4 Qc1# 0-1

[Event "NAYCC U08"]
[Site "Windsor CAN"]
[Date "2016.08.10"]
[Round "6.168"]
[White "Nakada, Johji"]
[Black "Krishnakumar, Sriram"]
[Result "0-1"]
[WhiteElo "1424"]
[BlackElo "1302"]
[PlyCount "46"]
[EventDate "2016.08.07"]
[EventType "swiss"]
[EventRounds "9"]
[EventCountry "CAN"]

1. e4 e5 2. Nf3 Nc6 3. Bb5 a6 4. Bxc6 dxc6 5. O-O Bg4 6. h3 h5 7. d3 Bd6 8.
Nbd2 Qf6 9. b3 Ne7 10. Re1 Ng6 11. hxg4 hxg4 12. Nh2 Qh4 13. Ndf1 Bc5 14. Be3
Bb4 15. Re2 Nf4 16. Bxf4 exf4 17. Rc1 Bc3 18. d4 O-O-O 19. d5 Be5 20. Qd3 f3
21. Ng3 Qxh2+ 22. Kf1 Qh1+ 23. Nxh1 Rxh1# 0-1

[Event "NAYCC U08"]
[Site "Windsor CAN"]
[Date "2016.08.10"]
[Round "6.170"]
[White "Liu, Edison"]
[Black "Chang, Alexander RZ"]
[Result "0-1"]
[WhiteElo "1248"]
[BlackElo "1192"]
[PlyCount "98"]
[EventDate "2016.08.07"]
[EventType "swiss"]
[EventRounds "9"]
[EventCountry "CAN"]

1. e4 e5 2. Nf3 Nc6 3. d4 exd4 4. Bc4 Bb4+ 5. c3 dxc3 6. bxc3 Ba5 7. O-O Nge7
8. Bb2 O-O 9. Nbd2 Ng6 10. Nb3 Bb6 11. Nbd4 Nce5 12. Nxe5 Nxe5 13. Bb3 d6 14.
h3 Qf6 15. Re1 c5 16. Ne2 c4 17. Bc2 Bxf2+ 18. Kh1 Bxe1 19. Qxe1 b5 20. Nd4 a6
21. Nf5 Re8 22. Qf1 Bxf5 23. exf5 Nc6 24. Re1 Re5 25. Rxe5 Qxe5 26. Qf3 d5 27.
Qf2 Re8 28. a4 Qe1+ 29. Qxe1 Rxe1+ 30. Kh2 Re2 31. axb5 axb5 32. Bd1 Rxb2 33.
Bf3 Ne7 34. Kg3 Rc2 35. Kf4 Rxc3 36. Ke5 b4 37. Kd4 Rd3+ 38. Kc5 b3 39. Be2 b2
40. Bxd3 cxd3 41. Kd4 b1=Q 42. Kc5 Qb3 43. Kd6 f6 44. Kxe7 Qb6 45. Kd7 Kf7 46.
g4 d2 47. h4 d1=Q 48. g5 Qa4+ 49. Kc8 Qac6# 0-1

[Event "NAYCC U08"]
[Site "Windsor CAN"]
[Date "2016.08.10"]
[Round "6.171"]
[White "Nath, Nitish"]
[Black "Ripley, Sam"]
[Result "1-0"]
[WhiteElo "1422"]
[BlackElo "829"]
[Annotator ",Microsoft"]
[PlyCount "59"]
[EventDate "2016.08.07"]
[EventType "swiss"]
[EventRounds "9"]
[EventCountry "CAN"]

1. e4 c5 2. Nf3 d6 3. d4 cxd4 4. Nxd4 Nf6 5. Nc3 g6 6. Be2 Bg7 7. Be3 O-O 8.
O-O Qc7 9. Qd2 Nc6 10. f3 Bd7 11. Rfd1 Rfe8 12. a3 Rad8 13. Qc1 a6 14. a4 Nxd4
15. Bxd4 Be6 16. a5 Nd7 17. Bxg7 Kxg7 18. Kh1 Bc4 19. Bd3 Bxd3 20. cxd3 Qc5 21.
d4 Qc4 22. h3 Nf6 23. Qc2 d5 24. e5 Nd7 25. Qf2 e6 26. Rdc1 Rh8 27. Ne4 Qb4 28.
Nd6 b6 29. axb6 Qxb6 30. f4 {etc. White won in 75.} 1-0

[Event "NAYCC U08"]
[Site "Windsor CAN"]
[Date "2016.08.10"]
[Round "6.172"]
[White "Yuen, Noah"]
[Black "Locham, Divjot"]
[Result "1-0"]
[WhiteElo "1114"]
[BlackElo "799"]
[PlyCount "65"]
[EventDate "2016.08.07"]
[EventType "swiss"]
[EventRounds "9"]
[EventCountry "CAN"]

1. c4 e5 2. g3 Nf6 3. d3 Nc6 4. Nf3 d6 5. Bg5 Be7 6. Bg2 O-O 7. Bxf6 Bxf6 8.
Nc3 Qd7 9. Nd5 Be7 10. O-O b6 11. a3 Bb7 12. b4 a6 13. Nxe7+ Nxe7 14. Nxe5 Qc8
15. Bxb7 Qxb7 16. Nf3 f5 17. Qd2 h6 18. h4 Rfe8 19. Rfd1 Rad8 20. h5 d5 21. Qf4
Rd7 22. cxd5 Rxd5 23. Qc4 b5 24. Qb3 Red8 25. e4 fxe4 26. dxe4 c6 27. exd5 cxd5
28. Nh4 Kh7 29. Rd4 Nc6 30. Rxd5 Na5 31. Qd3+ g6 32. Qxg6+ Kh8 33. Rxd8# 1-0

[Event "NAYCC U08"]
[Site "Windsor CAN"]
[Date "2016.08.10"]
[Round "6.174"]
[White "Zhang, William"]
[Black "Yuan, Daniel"]
[Result "0-1"]
[WhiteElo "608"]
[BlackElo "817"]
[PlyCount "74"]
[EventDate "2016.08.07"]
[EventType "swiss"]
[EventRounds "9"]
[EventCountry "CAN"]

1. e4 e5 2. Nf3 Nc6 3. Nc3 Nf6 4. Bc4 Nxe4 5. d3 Nxc3 6. bxc3 Bc5 7. Nxe5 Nxe5
8. d4 Nxc4 9. dxc5 O-O 10. O-O Re8 11. Re1 d6 12. Rxe8+ Qxe8 13. Bf4 dxc5 14.
Qf3 Bf5 15. Qg3 Bxc2 16. Bh6 Bg6 17. Be3 Nxe3 18. fxe3 Qd7 19. Qf3 Qd3 20. Qg4
Qxe3+ 21. Kh1 Re8 22. Qh4 Qxc3 23. Rg1 h6 24. h3 c4 25. Kh2 Qe5+ 26. Qg3 Qxg3+
27. Kxg3 c3 28. Kh2 c2 29. Kh1 Rd8 30. Rc1 Rd1+ 31. Rxd1 cxd1=Q+ 32. Kh2 Be4
33. h4 Qg4 34. g3 Qe2+ 35. Kh3 Bg2+ 36. Kh2 Bf1+ 37. Kg1 Qg2# 0-1

[Event "NAYCC U08"]
[Site "Windsor CAN"]
[Date "2016.08.10"]
[Round "7.163"]
[White "Ning, Eric"]
[Black "Zhong, Kevin"]
[Result "0-1"]
[WhiteElo "1508"]
[BlackElo "1360"]
[PlyCount "104"]
[EventDate "2016.08.07"]
[EventType "swiss"]
[EventRounds "9"]
[EventCountry "CAN"]

1. d4 d5 2. c4 e6 3. Nc3 c5 4. cxd5 exd5 5. Nf3 Nc6 6. Bf4 Nf6 7. dxc5 Bxc5 8.
e3 O-O 9. Be2 h6 10. O-O Bf5 11. Rc1 Bb6 12. Bg3 g5 13. Ne5 Re8 14. f4 Bxe3+
15. Kh1 Bxc1 16. Qxc1 Ne4 17. Nxc6 Nxg3+ 18. hxg3 bxc6 19. fxg5 Bg6 20. gxh6 d4
21. Bc4 Qe7 22. Ne2 Rad8 23. Nf4 Kh8 24. Qd1 Qg5 25. Nxg6+ fxg6 26. Qc1 Qxc1
27. Rxc1 d3 28. Bb3 d2 29. Rxc6 d1=Q+ 30. Bxd1 Rxd1+ 31. Kh2 Kh7 32. Rc7+ Kxh6
33. Rxa7 Rd2 34. b3 Ree2 35. a3 Rxg2+ 36. Kh3 Kh5 37. g4+ Rxg4 38. Ra4 Rxa4 39.
bxa4 Rd3+ 40. Kg2 Rxa3 41. a5 Rxa5 42. Kf3 g5 43. Kg3 g4 44. Kf2 Kh4 45. Kg2 g3
46. Kf3 Kh3 47. Ke3 g2 48. Ke4 g1=Q 49. Kf4 Qg4+ 50. Ke3 Ra3+ 51. Kd2 Qg2+ 52.
Kc1 Ra1# 0-1

[Event "NAYCC U08"]
[Site "Windsor CAN"]
[Date "2016.08.10"]
[Round "7.165"]
[White "Xu, Daniel"]
[Black "Mishra, Abhimanyu"]
[Result "1/2-1/2"]
[WhiteElo "1486"]
[BlackElo "1924"]
[PlyCount "57"]
[EventDate "2016.08.07"]
[EventType "swiss"]
[EventRounds "9"]
[EventCountry "CAN"]

1. d4 d5 2. g3 e6 3. Bg2 Nf6 4. Nf3 Be7 5. O-O O-O 6. Nbd2 Nbd7 7. c3 b6 8. b3
Bb7 9. Bb2 c5 10. e3 Qc7 11. Rc1 Rac8 12. Re1 Qb8 13. Qc2 Bd6 14. Nh4 Rfe8 15.
f4 Qa8 16. Nhf3 Re7 17. Ba3 Ree8 18. Ne5 Red8 19. h3 g6 20. Kh2 Ne8 21. Bb2 f5
22. Ndf3 Nxe5 23. fxe5 Be7 24. Qf2 Ng7 25. a4 Kh8 26. h4 c4 27. b4 a6 28. Ng1
h5 29. Nh3 1/2-1/2

[Event "NAYCC U08"]
[Site "Windsor CAN"]
[Date "2016.08.10"]
[Round "7.166"]
[White "Prestia, Sebastian"]
[Black "Huang, Brian"]
[Result "0-1"]
[WhiteElo "1385"]
[BlackElo "1783"]
[PlyCount "112"]
[EventDate "2016.08.07"]
[EventType "swiss"]
[EventRounds "9"]
[EventCountry "CAN"]

1. d4 Nf6 2. c4 g6 3. Nc3 d5 4. cxd5 Nxd5 5. e4 Nxc3 6. bxc3 Bg7 7. Bc4 O-O 8.
Ne2 c5 9. Be3 cxd4 10. Nxd4 Nc6 11. O-O Bd7 12. Nxc6 Bxc6 13. Bd4 Bxe4 14. Bxg7
Qxd1 15. Raxd1 Kxg7 16. Rfe1 Bf5 17. Rxe7 b6 18. Bd3 Rad8 19. Be2 Rfe8 20. Rxe8
Rxe8 21. Bf1 h5 22. h3 Be6 23. Re1 Rd8 24. Re2 Rd1 25. Rc2 Bc4 26. Kh2 Rxf1 27.
Kg3 Ra1 28. Kf4 Bxa2 29. g4 hxg4 30. hxg4 Be6 31. f3 a5 32. Rb2 Rc1 33. Rxb6
Rxc3 34. Ra6 Ra3 35. Ke4 Ra1 36. Kf4 a4 37. Ke4 a3 38. Kf4 a2 39. Ke4 Re1+ 40.
Kf4 a1=Q 41. Rxa1 Rxa1 42. Ke4 Rf1 43. g5 Bd5+ 44. Kxd5 Rxf3 45. Ke4 Rg3 46.
Kf4 Rg1 47. Kf3 Rxg5 48. Kf2 Rf5+ 49. Kg3 g5 50. Kg2 Kg6 51. Kg3 Kh5 52. Kh3
Rf3+ 53. Kg2 Kg4 54. Kh1 Kg3 55. Kg1 f5 56. Kh1 Rf1# 0-1

[Event "NAYCC U08"]
[Site "Windsor CAN"]
[Date "2016.08.10"]
[Round "7.168"]
[White "Chang, Alexander RZ"]
[Black "Zhang, Andrew"]
[Result "1-0"]
[WhiteElo "1192"]
[BlackElo "1524"]
[PlyCount "139"]
[EventDate "2016.08.07"]
[EventType "swiss"]
[EventRounds "9"]
[EventCountry "CAN"]

1. e4 e5 2. Nf3 Nc6 3. Bc4 Bc5 4. O-O d6 5. a3 a5 6. d3 h6 7. c3 Nf6 8. Re1 O-O
9. Be3 Bb6 10. Bxb6 cxb6 11. Nbd2 Be6 12. Bxe6 fxe6 13. b4 Qd7 14. Qb3 Rac8 15.
Rab1 axb4 16. axb4 Ne7 17. d4 exd4 18. Nxd4 d5 19. exd5 exd5 20. Ne6 Rfe8 21.
c4 Nc6 22. cxd5 Nxd5 23. Nf4 Ncxb4 24. Nxd5 Nxd5 25. Nc4 Rxe1+ 26. Rxe1 Rc6 27.
Ne3 Re6 28. Rd1 Re5 29. Rxd5 Rxd5 30. Qxd5+ Qxd5 31. Nxd5 b5 32. Kf1 Kf7 33.
Ke2 Ke6 34. Nc7+ Kd6 35. Nxb5+ Kc5 36. Nc3 Kc4 37. Ne4 b5 38. Nd6+ Kc5 39. Nxb5
Kxb5 40. Kf3 Kc5 41. Kf4 Kd6 42. Kf5 Ke7 43. Kg6 Kf8 44. g4 Kg8 45. f4 Kf8 46.
h4 Kg8 47. g5 hxg5 48. hxg5 Kf8 49. Kh7 Kf7 50. f5 Kf8 51. g6 Ke8 52. Kxg7 Ke7
53. f6+ Ke6 54. f7 Ke5 55. f8=Q Kd5 56. Qe7 Kd4 57. Qe6 Kd3 58. Qe5 Kc4 59. Qd6
Kb5 60. Qc7 Kb4 61. Qc6 Kb3 62. Qc5 Kb2 63. Qc4 Kb1 64. Qc3 Ka2 65. Qb4 Ka1 66.
Kf6 Ka2 67. Ke5 Ka1 68. Kd4 Ka2 69. Kc3 Ka1 70. Qb2# 1-0

[Event "NAYCC U08"]
[Site "Windsor CAN"]
[Date "2016.08.10"]
[Round "7.169"]
[White "Yuan, Daniel"]
[Black "Nakada, Johji"]
[Result "1-0"]
[WhiteElo "827"]
[BlackElo "1424"]
[PlyCount "75"]
[EventDate "2016.08.07"]
[EventType "swiss"]
[EventRounds "9"]
[EventCountry "CAN"]

1. e4 c5 2. Nf3 e6 3. d4 cxd4 4. Nxd4 Nc6 5. Be3 Nf6 6. Nc3 Bb4 7. Qd3 d5 8.
Bg5 dxe4 9. Bxf6 Qxf6 10. Qxe4 Qxd4 11. Qf3 O-O 12. Be2 Ne5 13. Qg3 Rd8 14. O-O
Bxc3 15. bxc3 Bd7 16. cxd4 Nc6 17. Rad1 Rac8 18. Qb3 Na5 19. Qb4 b6 20. Bd3 Be8
21. Rfe1 Nc6 22. Qb2 g6 23. Bb5 Na5 24. d5 Bxb5 25. Qxb5 Rc5 26. Qa6 Rcxd5 27.
Rxd5 Rxd5 28. Qxa7 f6 29. Qxb6 Kg7 30. Qxe6 Rd2 31. Qe7+ Kg8 32. Rb1 Nb7 33.
Qxb7 Rd8 34. h4 Rf8 35. Qe7 Rf7 36. Rb8+ Kg7 37. Qe8 Rc7 38. Qf8# 1-0

[Event "NAYCC U08"]
[Site "Windsor CAN"]
[Date "2016.08.10"]
[Round "7.174"]
[White "Zhang, Caden"]
[Black "Ripley, Sam"]
[Result "0-1"]
[WhiteElo "750"]
[BlackElo "829"]
[PlyCount "44"]
[EventDate "2016.08.07"]
[EventType "swiss"]
[EventRounds "9"]
[EventCountry "CAN"]

1. e4 c5 2. Nc3 d6 3. Bc4 Nc6 4. Nf3 Nf6 5. d3 g6 6. h3 Bg7 7. O-O O-O 8. Bg5
Qb6 9. a3 Nd4 10. Rb1 Bd7 11. Qd2 Bxh3 12. gxh3 Nxf3+ 13. Kg2 Nxd2 14. Na4 Qa5
15. Nc3 Nxf1 16. Kxf1 e6 17. Bxf6 Bxf6 18. Nb5 Qd2 19. c3 Bh4 20. Kg1 Qxf2+ 21.
Kh1 Bg3 22. Nxd6 Qh2# 0-1

[Event "NAYCC U08"]
[Site "Windsor CAN"]
[Date "2016.08.10"]
[Round "7.175"]
[White "Mak, Logan Jason"]
[Black "Zhang, William"]
[Result "1/2-1/2"]
[WhiteElo "555"]
[BlackElo "608"]
[PlyCount "147"]
[EventDate "2016.08.07"]
[EventType "swiss"]
[EventRounds "9"]
[EventCountry "CAN"]

1. e4 e5 2. d4 Nc6 3. Nf3 Nf6 4. dxe5 Nxe4 5. Bd3 Nc5 6. Nc3 Be7 7. O-O O-O 8.
Bf4 d6 9. exd6 Bxd6 10. Be3 Be6 11. Bxh7+ Kxh7 12. Ng5+ Kg6 13. h4 Rh8 14. g3
Qc8 15. Nge4 Nxe4 16. Nxe4 Qd8 17. Qd3 Nb4 18. Nxd6+ Nxd3 19. Nxb7 Qb8 20. cxd3
Qxb7 21. Kh2 Qf3 22. Rg1 Rab8 23. b3 Qg4 24. Rh1 Bd5 25. Rag1 Rxh4+ 26. gxh4
Qxg1+ 27. Rxg1+ Kh5 28. Rxg7 Kxh4 29. Bf4 Rc8 30. Bg3+ Kh5 31. Bf4 f5 32. Rg5+
Kh4 33. Rxf5 Be6 34. Bg3+ Kg4 35. Rf4+ Kg5 36. d4 Rd8 37. Kg1 Rd5 38. a3 Rf5
39. Rxf5+ Kxf5 40. Bxc7 Bxb3 41. Bb8 a6 42. f3 Ke6 43. Kf2 Kd5 44. Ke3 a5 45.
Bc7 a4 46. f4 Kc6 47. Be5 Kd5 48. f5 Kc4 49. f6 Kb5 50. Ke4 Kc6 51. Kd3 Kd7 52.
Kc3 Ke6 53. Kb4 Kf5 54. f7 Bxf7 55. Kxa4 Ke6 56. Kb4 Kd7 57. a4 Kc8 58. a5 Kb7
59. Kb5 Be8+ 60. Kc5 Ka6 61. Kb4 Bf7 62. Bf6 Bd5 63. Be7 Bg8 64. Bf6 Bf7 65.
Ka4 Be8+ 66. Kb4 Bf7 67. Be5 Be6 68. Bf6 Bg8 69. Bd8 Bf7 70. Kc5 Bg8 71. d5
Bxd5 72. Kxd5 Kb7 73. Bb6 Ka8 74. Kc6 1/2-1/2

[Event "NAYCC U08"]
[Site "Windsor CAN"]
[Date "2016.08.11"]
[Round "8.163"]
[White "Huang, Brian"]
[Black "Zhong, Kevin"]
[Result "0-1"]
[WhiteElo "1783"]
[BlackElo "1360"]
[PlyCount "84"]
[EventDate "2016.08.07"]
[EventType "swiss"]
[EventRounds "9"]
[EventCountry "CAN"]

1. e4 c5 2. Nf3 Nc6 3. Bb5 e6 4. Bxc6 bxc6 5. O-O Ne7 6. Re1 Ng6 7. c4 e5 8. b3
Be7 9. Bb2 d6 10. Nc3 O-O 11. h3 f5 12. d3 Qe8 13. Qc2 fxe4 14. Nxe4 Bxh3 15.
gxh3 Rxf3 16. Ng3 Qf7 17. Rf1 Qe6 18. Kg2 Raf8 19. a4 Bh4 20. Qd1 Rxd3 21. Qg4
Qxg4 22. hxg4 Bxg3 23. fxg3 Rd2+ 24. Kh1 Rxf1+ 25. Rxf1 Rxb2 26. Rf3 e4 27. Re3
d5 28. Kg1 Ne5 29. cxd5 cxd5 30. g5 Nd3 31. a5 Rxb3 32. a6 c4 33. Re2 c3 34.
Rc2 Nb4 35. Rc1 c2 36. Kg2 Rb1 37. Rxc2 Nxc2 38. Kf2 d4 39. Ke2 d3+ 40. Kd2 Rb3
41. g4 e3+ 42. Kd1 Rb1# 0-1

[Event "NAYCC U08"]
[Site "Windsor CAN"]
[Date "2016.08.11"]
[Round "8.164"]
[White "Krishnakumar, Sriram"]
[Black "Sloan, Jed"]
[Result "1-0"]
[WhiteElo "1302"]
[BlackElo "1553"]
[PlyCount "125"]
[EventDate "2016.08.07"]
[EventType "swiss"]
[EventRounds "9"]
[EventCountry "CAN"]

1. e4 e5 2. Nf3 Nc6 3. Bb5 a6 4. Ba4 Nf6 5. d3 b5 6. Bb3 Bc5 7. O-O O-O 8. Nbd2
d6 9. c3 Bb7 10. h3 d5 11. exd5 Nxd5 12. Ne4 Bb6 13. Bg5 f6 14. Bh4 Kh8 15. Qd2
Qd7 16. Rad1 Nce7 17. Rfe1 Ng6 18. Bg3 f5 19. Neg5 f4 20. Bh2 h6 21. Ne4 Qe7
22. d4 Ne3 23. fxe3 Bxe4 24. exf4 Bxf3 25. gxf3 Qh4 26. fxe5 Rxf3 27. Be6 Raf8
28. Rf1 c5 29. Bg4 cxd4 30. cxd4 Rxf1+ 31. Rxf1 Rd8 32. Qe1 Rxd4 33. Kh1 Qg5
34. e6 Bc5 35. Rf5 Qd8 36. Rxc5 Nh4 37. Qf1 Qa8+ 38. Kg1 Qa7 39. Rc8+ Rd8+ 40.
Qf2 Qxf2+ 41. Kxf2 Rxc8 42. e7 Re8 43. Bg3 Ng6 44. Bh5 Kh7 45. Bd6 Ra8 46. Kg3
Re8 47. Kf2 a5 48. Kf3 Nh4+ 49. Ke4 g6 50. Bg4 Nf5 51. Bxf5 gxf5+ 52. Kxf5 Kg7
53. Ke6 Kg6 54. Kd7 Kf7 55. a3 h5 56. Kc6 Rg8 57. Kxb5 Rg5+ 58. Kc6 Ke8 59. b4
Rg2 60. bxa5 Rc2+ 61. Kb7 Rb2+ 62. Bb4 Rc2 63. a6 1-0

[Event "NAYCC U08"]
[Site "Windsor CAN"]
[Date "2016.08.11"]
[Round "8.166"]
[White "Mishra, Abhimanyu"]
[Black "Chang, Alexander RZ"]
[Result "1/2-1/2"]
[WhiteElo "1924"]
[BlackElo "1192"]
[PlyCount "113"]
[EventDate "2016.08.07"]
[EventType "swiss"]
[EventRounds "9"]
[EventCountry "CAN"]

1. e4 e5 2. Nf3 Nc6 3. Bc4 Bc5 4. c3 Nf6 5. d3 d6 6. O-O O-O 7. a4 a5 8. Na3
Re8 9. Ng5 Re7 10. Qb3 Qe8 11. Nb5 Nd8 12. Be3 Bxe3 13. fxe3 h6 14. Nf3 Be6 15.
Rae1 Qc6 16. Bxe6 Nxe6 17. Nh4 Nc5 18. Qc2 Rd7 19. c4 Qb6 20. Nf5 Nh7 21. Rf3
Kf8 22. Rg3 Ne6 23. Kh1 Rad8 24. Nc3 c6 25. Qe2 Qc7 26. Qg4 Nf6 27. Qh4 Ng8 28.
Rf1 f6 29. Qg4 Rf7 30. Nxh6 Nxh6 31. Qxe6 Qd7 32. Qxd7 Rdxd7 33. d4 f5 34. Rgf3
g6 35. Kg1 Kg7 36. exf5 Nxf5 37. dxe5 dxe5 38. g4 Nd6 39. Rxf7+ Rxf7 40. Rxf7+
Kxf7 41. b3 b6 42. Kf2 Nb7 43. Nb1 Nc5 44. Nd2 g5 45. Kg3 Kg6 46. h4 gxh4+ 47.
Kxh4 Nd3 48. e4 c5 49. Nf3 Kh6 50. Nd2 Kg6 51. Kg3 Ne1 52. Kf2 Nd3+ 53. Ke3 Nb4
54. Nf3 Nc6 55. Kf2 Kf6 56. Kg3 Nd4 57. Nd2 1/2-1/2